| 000 | 00885nam a22002177a 4500 | ||
|---|---|---|---|
| 999 |
_c5231 _d5231 |
||
| 003 | TZ-ArACH | ||
| 005 | 20190924112911.0 | ||
| 008 | 190924b xxu||||| |||| 00| 0 eng d | ||
| 040 | _cTZ-ArACH | ||
| 050 |
_aKQC576 _b.A47 |
||
| 110 | _aAfrican Court on Human and Peoples' Rights & National IT Industry Promotion Agency | ||
| 245 |
_aFeasibility study on e-court system for the African Court on Human and Peoples' Rights _cAfrican Court on Human and Peoples' Rights & National IT Industry Promotion Agency (Korea) |
||
| 260 |
_aSeoul (South Korea) ; _bNational IT Industry Promotion Agency; _c2018. |
||
| 300 |
_a206 p. _c29 cm |
||
| 504 | _aContains various illustrations. | ||
| 610 | _aAfrican Court on Human and Peoples' Rights | ||
| 610 | _aNational IT Industry Promotion Agency (South Korea) | ||
| 650 | _ae-Court system | ||
| 650 | _aCourt automation | ||
| 942 |
_2lcc _cBOOK |
||